Представление документа в формате RUSMARC

ПолеНазваниеЗначение
  Тип записи a
  Библиографический уровень m
001 Контрольный номер bb944e8915064cd6ba5051840541df72
005 Дата корректировки 20140707132605.4
010 Индекс ISBN __
a ISBN 5-7866-0158-7
200 Заглавие и сведения об ответственности 1_
a Заглавие Психология личности и управление человеческими ресурсами
f Первые сведения об ответственности Ин-т труда М-ва труда и соц.развития РФ
210 Выходные данные 1_
a Место издания М.
c Издательство Финстатинформ:КноРус
d Дата издания 2002
215 Физическое описание __
a Объем 358 с.
610 Ключевые слова 0_
a Ключевые слова психология личности
610 Ключевые слова 0_
a Ключевые слова психодиагностика
610 Ключевые слова 0_
a Ключевые слова деловое общение
610 Ключевые слова 0_
a Ключевые слова организационное поведение
610 Ключевые слова 0_
a Ключевые слова психология управления
610 Ключевые слова 0_
a Ключевые слова управление персоналом
686 Индексы других классификаций __
a Классификационный индекс 88.37
2 Код системы rubbk
700 Автор _1
a Фамилия Забродин Юрий Михайлович
801 Источник записи _0
a Страна RU
b Организация РУК
c Дата составления 20020911
g Правила каталогизации PSBO
801 Источник записи _1
a Страна RU
b Организация РУК
c Дата составления 20020911
g Правила каталогизации PSBO
852 Данные о местонахождении __
i Авторский знак З-12
j Шифр хранения ББК 88
901 Тип документа __
t Тип документа m
938 Служебная информация __
a Название организации Головной вуз
b Имя БД BOOK
c Название АИБС АИБС ИРБИС